banner koha

Trepadeiras do Parque Estadual da Serra da Tiririca, Rio de Janeiro, Brasil (Registro n. 328651)

MARC details
000 -LÍDER
fixed length control field 03392nab a2200277 i 4500
003 - CÓDIGO MARC DA AGÊNCIA CATALOGADORA
Campo de controle BR-BrBNA
005 - DATA E HORA DA ÚLTIMA ATUALIZAÇÃO
Campo de controle 20241114134745.0
008 - CAMPO DE TAMANHO FIXO
fixed length control field 241114b2009 bl.qr|pooa||| 00| 0 por |
040 ## - FONTE DA CATALOGAÇÃO
Agência catalogadora BR-BrBNA
Idioma da catalogação por
072 ## - CATEGORIA AGRIS
Código AGRIS F70
100 ## - ENTRADA PRINCIPAL - NOME PESSOAL
Nome pessoal Barros, Ana Angélica Monteiro de
100 ## - ENTRADA PRINCIPAL - NOME PESSOAL
Nome pessoal Ribas, Leonor de Andrade
100 ## - ENTRADA PRINCIPAL - NOME PESSOAL
Nome pessoal Araujo, Dorothy Sue Dunn
245 ## - TÍTULO PRINCIPAL
Título principal Trepadeiras do Parque Estadual da Serra da Tiririca, Rio de Janeiro, Brasil
500 ## - NOTA GERAL
Nota geral Publicação on-line; 49 ref.; 3 tables; 1 illus.; Summaries (En, Pt)
942 ## - ADDED ENTRY ELEMENTS (KOHA)
Koha item type Analítica
520 ## - NOTA DE RESUMO
Nota de conteúdo <br/><br/>RESUMO<br/><br/>(Trepadeiras do Parque Estadual da Serra da Tiririca, Rio de Janeiro, Brasil) As trepadeiras têm alta<br/>representatividade em várias formações vegetais, correspondendo a cerca de 25% da diversidade taxonômica<br/>das florestas tropicais. Ainda assim, elas são mal representadas em levantamentos florísticos. Estudos na<br/>floresta ombrófila densa são raros e o presente trabalho vem contribuir para o conhecimento da flora de<br/>trepadeiras dessa formação vegetal. Foram feitas coletas no Parque Estadual da Serra da Tiririca, localizado<br/>nos municípios de Niterói e Maricá, estado do Rio de Janeiro. O levantamento florístico registrou 38 famílias,<br/>107 gêneros e 215 espécies. Leguminosae (com 29 espécies), Sapindaceae (23), Bignoniaceae (22),<br/>Malpighiaceae (19) e Apocynaceae (15) foram as famílias com maior número de espécies, totalizando 50,5%<br/>das espécies registradas. Houve um predomínio de trepadeiras lenhosas e de formas volúveis. O grande<br/>número de espécies encontradas é possivelmente resultado de um mosaico de vegetações em diferentes<br/>estádios sucessionais resultante do processo de uso e abandono da terra.<br/><br/>Palavras-chave: diversidade, florística, Mata Atlântica.
520 ## - NOTA DE RESUMO
Nota de conteúdo <br/><br/>ABSTRACT<br/><br/>(Climbers of the Serra da Tiririca State Park, Rio de Janeiro, Brazil) Climbers are highly represented in several<br/>vegetation types, corresponding to nearly 25% of tropical forest taxonomic diversity, but they are very<br/>poorly represented in floristic surveys. Studies of dense ombrophilous forests are rare and this work aims at<br/>contributing to the knowledge of climbers in this plant formation. The survey was undertaken in the Serra da<br/>Tiririca State Park, located between Niterói and Maricá municipalities, Rio de Janeiro state. The floristic<br/>survey listed 38 families, 107 genera, and 215 species. Leguminosae (with 29 species), Sapindaceae (23),<br/>Bignoniaceae (22), Malpighiaceae (19), and Apocynaceae (15) are the families better represented in number of<br/>species, accounting for 50.5 % of the total number of species reported. Woody, twining climbers predominated<br/>in the inventory. The high number of species found is possibly related to a mosaic of vegetation in different<br/>successional stages resulted from the process of use and abandonment of land.<br/><br/>Key words: diversity, Atlantic rainforest, floristics
650 ## - ASSUNTO - THESAGRO
Cabeçalho tópico ou nome geográfico BIODIVERSIDADE
650 ## - ASSUNTO - THESAGRO
Cabeçalho tópico ou nome geográfico COMPOSIÇÃO FLORÍSTICA
650 ## - ASSUNTO - THESAGRO
Cabeçalho tópico ou nome geográfico MATA ATLÂNTICA
650 ## - ASSUNTO - THESAGRO
Cabeçalho tópico ou nome geográfico TREPADEIRA
773 0# - ENTRADA ANALÍTICA
Host Biblionumber 709
Registro do item 346213
Imprenta Rio de Janeiro-RJ Jardim Botanico do Rio de Janeiro 1935
Outro identificador 2024-6869
Título Rodriguésia (Brazil)
ISSN 0370-6583; 2175-7860 on-line
Colação v. 60(3) p. 681-694; (2009)
Número de controle de registro BR2024003569
856 ## - ACESSO E ENDEREÇO ELETRÔNICO
Identificador uniforme de recurso - URI https://www.scielo.br/j/rod/a/jQz6tYjZjLYTyYY75wkLmbT/?format=pdf&lang=pt

Nenhum exemplar disponível.

BINAGRI

Telefone: (61)3218-2567/2388/3357/2097 - binagri@agro.gov.br

Ministério da Agricultura e Pecuária , Esplanada dos Ministérios, Bloco D, Anexo B, Brasília/DF, CEP: 70.043-900